000 01037nam a2200253 i 4500
001 bg
100 1 _aCIURZYŃSKA, Wanda
245 1 0 _aRelaksacje magnetyczne w strukturalnie uporządkowanych i nieuporządkowanych stopach metali przejściowych /
_cWanda Ciurzyńska.
260 _aCzęstochowa :
_bWydaw. WIPMiFS PC,
_c2001.
300 _a118 s. :
_bil. ;
_c24 cm.
490 1 _aPrace Naukowe Wydziału Inżynierii Procesowej, Materiałowej i Fizyki Stosowanej / Politechnika Częstochowska. Fizyka ;
_vnr 2
500 _aNa s. tyt. odmienny tyt. serii: Prace Naukowe. - Streszcz. ang., ros.
504 _aBibliogr.
650 9 _aMagnetyzm
_xbadanie
650 9 _aStopy (metalurg.)
_xfizyka
_xbadanie
830 0 _aPrace Naukowe Wydziału Inżynierii Procesowej, Materiałowej i Fizyki Stosowanej (Politechnika Częstochowska).
_pFizyka
020 _a8387745413
040 _cBPK
041 0 _apl
_bruen
080 _a537.6:669.017/.018
920 _a83-87745-41-3
942 _cKS
008 s pl f |000 0 pol
999 _c42167
_d42167
856 _uhttp://koha.tu.koszalin.pl/cgi-bin/koha/opac-detail.pl?biblionumber=42167
_yKatalog online BPK